| 000 -LEADER |
| fixed length control field |
02479cam a22004094a 4500 |
| 001 - CONTROL NUMBER |
| control field |
16090239 |
| 003 - CONTROL NUMBER IDENTIFIER |
| control field |
OSt |
| 005 - DATE AND TIME OF LATEST TRANSACTION |
| control field |
20170105102901.0 |
| 008 - FIXED-LENGTH DATA ELEMENTS--GENERAL INFORMATION |
| fixed length control field |
100211s2010 enk b 001 0 eng |
| 010 ## - LIBRARY OF CONGRESS CONTROL NUMBER |
| LC control number |
2010005184 |
| 015 ## - NATIONAL BIBLIOGRAPHY NUMBER |
| National bibliography number |
GBB052473 |
| Source |
bnb |
| 016 7# - NATIONAL BIBLIOGRAPHIC AGENCY CONTROL NUMBER |
| Record control number |
015535021 |
| Source |
Uk |
| 020 ## - INTERNATIONAL STANDARD BOOK NUMBER |
| International Standard Book Number |
9780415570343 (hardcover) |
| 020 ## - INTERNATIONAL STANDARD BOOK NUMBER |
| International Standard Book Number |
0415570344 (hardcover) |
| 020 ## - INTERNATIONAL STANDARD BOOK NUMBER |
| International Standard Book Number |
9780203846315 (ebk) |
| 020 ## - INTERNATIONAL STANDARD BOOK NUMBER |
| International Standard Book Number |
0203846311 (ebk) |
| 035 ## - SYSTEM CONTROL NUMBER |
| System control number |
(OCoLC)ocn432998173 |
| 040 ## - CATALOGING SOURCE |
| Original cataloging agency |
DLC |
| Transcribing agency |
DLC |
| Modifying agency |
YDX |
| -- |
BTCTA |
| -- |
YDXCP |
| -- |
UKM |
| -- |
CDX |
| -- |
PMC |
| -- |
DLC |
| 050 00 - LIBRARY OF CONGRESS CALL NUMBER |
| Classification number |
JZ5538 |
| Item number |
.C6658 2010 |
| 082 00 - DEWEY DECIMAL CLASSIFICATION NUMBER |
| Classification number |
303.6/6 |
| Edition number |
22 |
| Author Mark |
CON 2010 |
| 245 00 - TITLE STATEMENT |
| Title |
Conflict, security and the reshaping of society : |
| Remainder of title |
the civilization of war / |
| Statement of responsibility, etc. |
edited by Alessandro Dal Lago and Salvatore Palidda. |
| 260 ## - PUBLICATION, DISTRIBUTION, ETC. |
| Place of publication, distribution, etc. |
London : |
| -- |
New York, NY : |
| Name of publisher, distributor, etc. |
Routledge, |
| Date of publication, distribution, etc. |
2010. |
| 300 ## - PHYSICAL DESCRIPTION |
| Extent |
ix, 227 p. ; |
| Dimensions |
24 cm. |
| 490 1# - SERIES STATEMENT |
| Series statement |
Routledge studies in liberty and security |
| 504 ## - BIBLIOGRAPHY, ETC. NOTE |
| Bibliography, etc. note |
Includes bibliographical references (p. [200]-218) and index. |
| 505 0# - FORMATTED CONTENTS NOTE |
| Formatted contents note |
Fields without honour : contemporary war as global enforcement / Alessandro Dal Lago -- The barbarization of peace : the neo-conservative transformation of war and perspectives / Alain Joxe -- Norm/exception : exceptionalism and governmental prospects in the shadow of political theology / Roberto Ciccarelli -- Reversing Clausewitz? War and politics in Foucault, Deleuze-Guattari and Aron / Massimiliano Guareschi -- Global war and technoscience / Luca Guzzetti -- 14 September 2001 : the regression to the habitus / Didier Bigo -- Revolution in police affairs / Salvatore Palidda -- Surveillance : from resistance to support / Eric Heilmann -- Enemies-criminals : the law and courts against global terrorism / Gabriella Petti -- Peacetime war discourse : the political economy of bellicose metaphors / Marcello Maneri -- Global bureaucracy : irresponsible but not indifferent / Mariella Pandolfi and Laurence McFalls -- The space of camps : towards a genealogy of places of internment in the present / Federico Rahola. |
| 650 #0 - SUBJECT ADDED ENTRY--TOPICAL TERM |
| Topical term or geographic name entry element |
War and society. |
| 650 #0 - SUBJECT ADDED ENTRY--TOPICAL TERM |
| Topical term or geographic name entry element |
Peaceful change (International relations) |
| 650 #0 - SUBJECT ADDED ENTRY--TOPICAL TERM |
| Topical term or geographic name entry element |
Peace-building. |
| 650 #0 - SUBJECT ADDED ENTRY--TOPICAL TERM |
| Topical term or geographic name entry element |
Security, International. |
| 700 1# - ADDED ENTRY--PERSONAL NAME |
| Personal name |
Dal Lago, Alessandro, |
| Dates associated with a name |
1947- |
| 700 1# - ADDED ENTRY--PERSONAL NAME |
| Personal name |
Palidda, Salvatore. |
| 830 #0 - SERIES ADDED ENTRY--UNIFORM TITLE |
| Uniform title |
Routledge studies in liberty and security. |
| 906 ## - LOCAL DATA ELEMENT F, LDF (RLIN) |
| a |
7 |
| b |
cbc |
| c |
orignew |
| d |
1 |
| e |
ecip |
| f |
20 |
| g |
y-gencatlg |
| 942 ## - ADDED ENTRY ELEMENTS (KOHA) |
| Source of classification or shelving scheme |
|
| Koha item type |
Book |